000 00824nam a2200253 a 4500
001 BRCA_7163
005 20190321142931.0
008 120112s1947----enka######---#000-0#eng-#
041 _aeng
044 _aenk
050 4 _b.N38 2 1947
245 1 0 _aEarly Netherlandish School
_bPlates
_cnote by Martin Davies.
260 _aLondres
_bTrustes
_c1952
300 _a121 p.
_bil. (algunas a color)
_c41 cm.
440 0 _aNational Gallery Catalogues
_917654
500 _aVer también O117 (v.1)
500 _aO189
501 _aContiene reproducciones de todas las obras incluidas en el catálogo de la escuela Flamenca temprana
650 1 4 _aPintura flamenca
_vCatálogos
_xGaleria Nacional
_zInglaterra
_917763
700 1 _aDavies, Martin
_917381
710 2 _aNational Galery
_917646
902 _aGFM
942 _2lcc
_cB
999 _c6844
_d6844